Normal view MARC view

Entry Personal Name

Number of records used in: 0

001 - CONTROL NUMBER

  • control field: 793193

003 - CONTROL NUMBER IDENTIFIER

  • control field:

005 - DATE AND TIME OF LATEST TRANSACTION

  • control field: 20210627055015.0

008 - FIXED-LENGTH DATA ELEMENTS

  • fixed length control field: 210627|| aca||aabn | a|a d

040 ## - CATALOGING SOURCE

  • Original cataloging agency:
  • Transcribing agency:

100 ## - HEADING--PERSONAL NAME

  • Personal name: Akimoff, N. W.
  • Fuller form of name: (Nicholas Wladimir),
  • Dates associated with a name: b. 1877

670 ## - SOURCE DATA FOUND

  • Source citation: Work cat.: ()665163: Akimoff, N. W. (Nicholas Wladimir), b. 1877, Elementary course in Lagrange's equations and their applications to solutions of problems of dynamics :, 1917
                                                                           
web counter

Copyright ©2020 The National Library of India, Govt. of India ↔ Hosted by NVLI, MOC ↔ Technology and Design by National Library of India, Ministry of Culture, Govt. of India